Dear peter rabbit / (Record no. 4814)

MARC details
000 -LEADER
fixed length control field 00959nam a22003017a 4500
001 - CONTROL NUMBER
control field 4814
003 - CONTROL NUMBER IDENTIFIER
control field FISKH
005 - DATE AND TIME OF LATEST TRANSACTION
control field 20250909102821.0
008 - FIXED-LENGTH DATA ELEMENTS--GENERAL INFORMATION
fixed length control field 241016b cb ||||| |||| 00| 0 eng d
020 ## - INTERNATIONAL STANDARD BOOK NUMBER
International Standard Book Number 9781416912330
040 ## - CATALOGING SOURCE
Original cataloging agency FISKH
Language of cataloging eng
Transcribing agency FISKH
Modifying agency FISKH
050 ## - LIBRARY OF CONGRESS CALL NUMBER
Classification number PZ7.A1857
082 ## - DEWEY DECIMAL CLASSIFICATION NUMBER
Classification number 468
100 ## - MAIN ENTRY--PERSONAL NAME
Personal name Ada, Flor Alma
Dates associated with a name (1938-)
245 ## - TITLE STATEMENT
Title Dear peter rabbit /
Statement of responsibility, etc. by Alma Flor Ada illustrated by Leslie Tryon
250 ## - EDITION STATEMENT
Edition statement This paperback edition in 2006
260 ## - PUBLICATION, DISTRIBUTION, ETC.
Place of publication, distribution, etc. New York :
Name of publisher, distributor, etc. Aladdin Paperback,
Date of publication, distribution, etc. 1997.
300 ## - PHYSICAL DESCRIPTION
Extent 27 pages :
Other physical details Color illustrations ;
Dimensions 22 cm
505 ## - FORMATTED CONTENTS NOTE
Formatted contents note R<br/>
520 ## - SUMMARY, ETC.
Summary, etc. Presents letters between such fairy tale characters as Goldilocks, Baby Bear, Peter Rabbit, and the Three Pigs.
521 8# - TARGET AUDIENCE NOTE
Target audience note 780L<br/>
Source Lexile<br/>
521 8# - TARGET AUDIENCE NOTE
Target audience note R<br/>
Source Raz-Plus<br/>
650 ## - SUBJECT ADDED ENTRY--TOPICAL TERM
Source of heading or term Making connections
Topical term or geographic name entry element Letter writing
650 ## - SUBJECT ADDED ENTRY--TOPICAL TERM
Source of heading or term Fairy tale
Topical term or geographic name entry element Fiction
700 ## - ADDED ENTRY--PERSONAL NAME
Personal name Tryon, Leslie
Dates associated with a name Illustrator
942 ## - ADDED ENTRY ELEMENTS (KOHA)
Source of classification or shelving scheme Dewey Decimal Classification
Koha item type Books
Suppress in OPAC No
Holdings
Withdrawn status Lost status Source of classification or shelving scheme Damaged status Not for loan Collection Home library Current library Shelving location Date acquired Total Checkouts Full call number Barcode Date last seen Date last checked out Copy number Price effective from Koha item type Total Renewals
    Dewey Decimal Classification     Juvenile Fiction Footprints International School Library Network Toul Kork Campus Footprints International School Library Network Toul Kork Campus TK Primary Library Room(4th Floor), Bookcase 5&6, Shelves 33-56, Orange Books 10/16/2024 1 ADA 468 PZ7.A1857 2024-2148 10/06/2025 09/12/2025 1 10/16/2024 Books  
    Dewey Decimal Classification     Juvenile Fiction Footprints International School Library Network Toul Tom Poung Campus Footprints International School Library Network Toul Kork Campus TTP Primary Orange Bookshelves 09/09/2025 2 ADA 468 PZ7.A1857 FIS02600 01/09/2026 01/09/2026 2 09/09/2025 Books 1